000 00568nam a2200217 a 4500
999 _c8898
_d8898
001 8898
003 BD-JhCC
005 20191019082349.0
008 180525s1959 enk 00 eng d
035 _a(BD - JhCC)8898
040 _aBD - JhCC
_dBD - JhCC
041 _aeng
082 _bDOU 1959
_a824.08
100 0 _aDouglas, Wallace
245 _aThe character of prose /
_cWallace Douglas
260 _aBoston :
_bHoughton Mifflin Company,
_c1959.
300 _avarious pages
_c19cm.
650 _aAmerican essays
650 _aEnglish essays
942 _2ddc
_cBK